LEADER 01724nam0-2200529---450- 001 990000007340203316 005 20070104133606.0 035 $a0000734 035 $aUSA010000734 035 $a(ALEPH)000000734USA01 035 $a0000734 100 $a20000914d1998----km-y0itay50------ba 101 0 $aita 102 $aIT 105 $a||||||||001yy 200 1 $a<> codice di pubblica sicurezza e le leggi per le forze dell'ordine$fannotazioni e coordinamenti a cura di Potito L. Iascone 205 $a6. ed 210 $aPiacenza$cLa Tribuna$dcopyr. 1998 215 $a1533 p.$d20 cm 225 2 $a<> codici vigenti e le leggi speciali 410 0$12001$a<> codici vigenti e le leggi speciali 606 0 $aPubblica sicurezza$xLegislazione 676 $a344.45052 702 1$aIASCONE,$bPotito L. 710 01$aITALIA$0423419 801 0$aIT$bsalbc$gISBD 912 $a990000007340203316 951 $aSANT.5 CODEX 7 16$b1678 DDPG$cSANT.5 CODEX 959 $aBK 969 $aDDPG 979 $c20000914$lUSA01$h1705 979 $c20001019$lUSA01$h1053 979 $c20001019$lUSA01$h1450 979 $c20001019$lUSA01$h1458 979 $c20001019$lUSA01$h1535 979 $c20001024$lUSA01$h1511 979 $c20001027$lUSA01$h1516 979 $c20001027$lUSA01$h1520 979 $c20001110$lUSA01$h1708 979 $c20001124$lUSA01$h1204 979 $aPATTY$b90$c20010619$lUSA01$h1453 979 $c20020403$lUSA01$h1608 979 $aPATRY$b90$c20040406$lUSA01$h1602 979 $aPATRY$b90$c20061017$lUSA01$h1724 979 $aDDPG1$b90$c20070104$lUSA01$h1336 996 $aCodice di pubblica sicurezza e le leggi per le forze dell'ordine$9877228 997 $aUNISA